Main Characters of Astérix (Image) Quiz Stats

 Plays Quiz not verified by Sporcle

Score 0/11 Timer 03:00
0 Plays Today
% Correct
Not Named
100%
Astérix
92.7%
Obélix
91.3%
Idéfix
71.1%
Panoramix
70.6%
Abraracourcix
52.3%
Assurancetourix
51.4%
Agecanonix
47.2%
Bonemine
42.7%
Cétautomatix
39.9%
Ordralfabétix
39%

You're not logged in!

Compare scores with friends on all Sporcle quizzes.
OR
Log In

Show Comments

Extras

Top Quizzes Today


Score Distribution

Your Account Isn't Verified!

In order to create a playlist on Sporcle, you need to verify the email address you used during registration. Go to your Sporcle Settings to finish the process.

Report this User

Report this user for behavior that violates our Community Guidelines.

Details: